000 00576cam a22002053a 4500
001 36664
003 PGUSA
005 20140828083811.0
008 110708s2011||||xxu|||||s|||||000 | eng d
040 _aPGUSA
_beng
042 _adc
100 1 _aBurgess, Gelett,
_d1866-1951
245 1 0 _aGoops and How to Be Them
_h[electronic resource] /
_cGelett Burgess
260 _bProject Gutenberg,
_c2011
506 _aPublic domain in the USA.
516 _aElectronic text
830 0 _aProject Gutenberg
_v36664
856 4 0 _uhttp://www.gutenberg.org/ebooks/36664
942 _cEB
999 _c265919
_d265919